[Event "CFriend AM-2003-0-00006 email"]
[Site "Chessfriend.com"]
[Date "2003.06.09"]
[Round "1"]
[White "Hauesler, Werner"]
[Black "Sikorsky, Reinhard"]
[Result "1-0"]
[WhiteElo "2364"]
[BlackElo "2227"]
[PlyCount "35"]
[EventDate "2003.??.??"]
[EventType "tourn (corr)"]
[EventRounds "12"]
[SourceTitle "Corr 2008"]
[Source "ChessBase"]
[SourceDate "2008.06.24"]
[SourceVersion "1"]
[SourceVersionDate "2008.06.24"]
[SourceQuality "1"]

1. e4 c5 2. Nf3 d6 3. Bb5+ Nd7 4. d4 Ngf6 5. Nc3 cxd4 6. Qxd4 e5 7. Qd3 h6 8. Be3 Be7 9. Bc4 a6 10. a4 Qc7 11. 0-0 0-0 12. Nh4 Nc5 13. Bxc5 Qxc5 14. Ng6 Re8 15. Nxe7+ Rxe7 16. Rfd1 Be6 17. Bxe6 Rxe6 18. Ra3 1-0